000 00928nam a2200253Ia 4500
003 OSt
005 20221005111753.0
006 a|||||r|||| 00| 0
007 ta
008 221004b |||||||| |||| 00| 0 hin d
024 _a108194
037 _cTextual
040 _aCRL
_cCRL
_bhin
041 _2hin
_ahin
082 _aO152,1(Delta251):g, Q0
100 _aअरूण रानी
245 0 _aनिर्गुण सन्तकाव्य और आध्यात्मिक चेतना
246 _aNirguṇ santakāvya aur ādhyātmik chetanā
260 _aमुरादाबाद
_bअखिल भारतीय साहित्य कला मंच भारत
_c2010
300 _a413पृ0
_ccm.
650 _aहिन्दी साहित्य
942 _hO152,1(Delta251):g, Q0
_cTEXL
_2cc
999 _c1022838
_d1022838